000 00381cam a2200145ua 4500
003 OSt
008 250101b |||||||| |||| 00| 0 eng d
041 _aeng
082 _a621.371
_bPAT/PR
100 _aPatranabis, D .
_96710
245 _aPrinciples of process control /
260 _aNew Delhi :
_bTata Mc-Graw Hill Publishing Company ,
_c2006.
300 _a ; .
942 _cBK
999 _c13488
_d13488